00736 a2200205 4500999001900000005001700019010001500036020003000051035001400081037001600095082001400111245007100125250000900196260004300205270006800248300002600316700001700342942003300359952013800392 c183073d18307320211216120625.0 aENG-130345 c980.00a978-93-83445-49-3 aEN-113877 bDBAD / PUB a327.54058 aIndia-Centra Asia Relations The Road Ahead:cEdited by Athar Zafar a2021 bKW Publishers Pvt Ltdc2021aNew Delhi bNew Delhia4676/21, First Floor, Ansari Road, Daryaganje110002 axi, 184p.c24cm (hbk) aZafar, Athar adplcEN2ddch327.54058mIND 001040708NFICaBL4bBL4d2021-12-16eDBAD/PUBg980.00l1o327.54058 INDpEN-113877r2023-03-11 00:00:00s2023-02-23t1v980.00yEN